History Quiz

Random History or Clickable Quiz

Special Rooms in The United States Capitol Building Quiz Stats

 Plays Quiz not verified by Sporcle

Challenge
Share
Tweet
Embed
Score 0/24 Timer 10:00
0 Plays Today
% Correct
House Chamber
76.3%
Old Senate Chamber
76.3%
Speaker's Lobby
76.3%
Rotunda
76.3%
Senate Lobby
76.3%
Old Supreme Court Chamber
73.7%
Office of the Speaker of the House
73.7%
Formal Office of the Vice President
71.1%
Senate Chamber
68.4%
Cloakrooms
68.4%
Statuary Hall
65.8%
Senate Reception Room
65.8%
% Correct
Prayer Room
60.5%
Senate Conference Room
60.5%
Rayburn Room
55.3%
House Document Room
55.3%
President's Room
55.3%
Library
55.3%
House Reading Room
52.6%
Senators' Private Lobby
50%
Congresswomen's Suite
47.4%
Brumidi Corridor
42.1%
House TV Control Room
39.5%
The Marble Room
34.2%

You're not logged in!

Compare scores with friends on all Sporcle quizzes.
Join for Free
OR
Log In

You Might Also Like...

Show Comments

Extras

Top Quizzes Today


Score Distribution

Your Account Isn't Verified!

In order to create a playlist on Sporcle, you need to verify the email address you used during registration. Go to your Sporcle Settings to finish the process.

Report this User

Report this user for behavior that violates our Community Guidelines.

Details: